000 00757nam a2200241Ia 4500
001 11470
003 GE_BSU
008 181216s||||||||xx |||||||||||||| ||und||
040 _cGE_BSU
080 _a634(075.32)
100 _aბუჩუკური,ა.
245 _aმებაღეობა.
245 _bსახელმძღვ.სას.სამ.ტექნიკუმებისათვის.
245 _cრედ:ა.ბედია.
250 _aმე–2 გადამუშ.გამოც.
260 _aთბილისი.
260 _bგანათლება.
260 _c1967.
300 _a382გვ;22სმ.
300 _eილ;ცხრ.
653 _aმებაღეობა.
942 _cBK
999 _c44667
_d44667